Top 15 Länder mit Covid-19-Todesfällen - 22. September 2021 - Statistiken

Allgemein
  • Dieses Quiz wurde 16 mal gespielt
  • Das Durchschnittsergebnis liegt bei 11 aus 25
Antwortstatistiken
Land % Korrekt
Deutschland
92%
Vereinigte Staaten
92%
Italien
85%
Brasilien
77%
Frankreich
77%
Indien
77%
Argentinien
62%
Russland
62%
Vereinigtes Königreich
54%
Kolumbien
46%
Mexiko
46%
Peru
46%
Indonesien
38%
Iran
38%
Bosnien und Herzegowina
31%
Belgien
23%
Nordmazedonien
23%
Tschechien
23%
Ungarn
23%
Bulgarien
15%
Georgien
15%
Paraguay
15%
Slowakei
15%
Slowenien
15%
Südafrika
15%
Keine übereinstimmenden Quizze gefunden
Verteilung der Resultate
Anzahl Personen mit jedem Resultat
Perzentil nach korrekt beantworteten Fragen
Ihre Resultats-Entwicklung
Sie haben dieses Quiz noch nicht gespielt